Tres poetas filósofos (Record no. 12006)

MARC details
000 -LEADER
campo de control de longitud fija 01049nam a2200277 i 4500
001 - NÚMERO DE CONTROL
campo de control 12006
003 - IDENTIFICADOR DE NÚMERO DE CONTROL
campo de control ES-MaACL
005 - FECHA Y HORA DE LA ÚLTIMA TRANSACCIÓN
campo de control 20240125194421.0
008 - DATOS DE LONGITUD FIJA--INFORMACIÓN GENERAL
campo de control de longitud fija 960724s1995 sp ||||0| spa
020 ## - NÚMERO INTERNACIONAL ESTÁNDAR DEL LIBRO
Número Internacional Estándar del Libro 84-309-2663-1
080 ## - NÚMERO DE LA CLASIFICACIÓN DECIMAL UNIVERSAL
Número de la Clasificación Decimal Universal 871 Lucrecio Caro, Tito 7 De rerum natura .06
080 ## - NÚMERO DE LA CLASIFICACIÓN DECIMAL UNIVERSAL
Número de la Clasificación Decimal Universal 850 Alighieri, Dante 7 Divina Commedia .06
080 ## - NÚMERO DE LA CLASIFICACIÓN DECIMAL UNIVERSAL
Número de la Clasificación Decimal Universal 830 Goethe, Johann Wolfgang 7 Faust .06
100 1# - ENTRADA PRINCIPAL--NOMBRE DE PERSONA
Nombre de persona Santayana, George.
9 (RLIN) 103357
245 10 - MENCIÓN DEL TÍTULO
Título Tres poetas filósofos
Resto del título : Lucrecio, Dante, Goethe /
Mención de responsabilidad, etc. George Santayana ; traducción del inglés por José Ferrater Mora.
260 ## - PUBLICACIÓN, DISTRIBUCIÓN, ETC.
Lugar de publicación, distribución, etc. Madrid :
Nombre del editor, distribuidor, etc. Tecnos,
Fecha de publicación, distribución, etc. [1995]
300 ## - DESCRIPCIÓN FÍSICA
Extensión 164 p ;
Dimensiones 22 cm.
490 1# - MENCIÓN DE SERIE
Mención de serie Filosofía y ensayo
600 14 - PUNTO DE ACCESO ADICIONAL DE MATERIA--NOMBRE DE PERSONA
Nombre de persona Lucrecio Caro, Tito.
Título de la obra De rerum natura.
9 (RLIN) 74606
600 04 - PUNTO DE ACCESO ADICIONAL DE MATERIA--NOMBRE DE PERSONA
Nombre de persona Dante Alighieri,
Fechas asociadas al nombre 1265-1321.
Título de la obra La divina commedia
9 (RLIN) 175737
600 14 - PUNTO DE ACCESO ADICIONAL DE MATERIA--NOMBRE DE PERSONA
Nombre de persona Goethe, Johann Wolfgang von,
Fechas asociadas al nombre 1749-1832.
Título de la obra Faust
9 (RLIN) 57573
700 1# - ENTRADA AGREGADA--NOMBRE PERSONAL
Nombre de persona Ferrater Mora, José.
9 (RLIN) 50338
830 1# - PUNTO DE ACCESO ADICIONAL DE SERIE-TÍTULO UNIFORME
Título uniforme Filosofía y ensayo
9 (RLIN) 179242
852 ## - LOCALIZACIÓN
Ubicación ES-MaACL
Número de control de estantería L-19303
Holdings
Estatus retirado Estado de pérdida Estado de daño No para préstamo Biblioteca de origen Biblioteca actual Ubicación en estantería Fecha de adquisición Fuente de adquisición Total de préstamos Signatura topográfica completa Código de barras Visto por última vez Precio de reemplazo Tipo de ítem Koha
        Biblioteca del Ateneo de Madrid Biblioteca del Ateneo de Madrid Depósito 2 17/01/2008     L-19303 1012233 23/02/2023 23/02/2023 Libro impreso